Phong tục thờ cúng cá ông
v.v...
Đã lưu trong:
| Tác giả chính: | |
|---|---|
| Định dạng: | Sách |
| Năm xuất bản: |
H.:
Khoa học xã hội,
2015.
|
| Chủ đề: | |
| Tags: |
Thêm thẻ
Không có thẻ, Hãy là người đầu tiên gắn thẻ bản ghi này!
|
| LEADER | 00527nam a2200145 4500 | ||
|---|---|---|---|
| 082 | |a 398.41 |b L250TH | ||
| 100 | |a Lê Thế Vịnh | ||
| 245 | |a Phong tục thờ cúng cá ông |c Lê Thế Vịnh | ||
| 260 | |a H.: |b Khoa học xã hội, |c 2015. | ||
| 300 | |a 279 tr.; |c 21 cm. | ||
| 520 | |a v.v... | ||
| 653 | |a Tín ngưỡng dân gian Việt Nam | ||
| 942 | |2 ddc |c SH | ||
| 999 | |c 12301 |d 12301 | ||
| 952 | |0 0 |1 0 |2 ddc |4 0 |6 398_410000000000000_L250TH |7 0 |8 300 |9 105037 |a qbu |b qbu |c D2 |d 2015-12-24 |g 50000 |o 398.41 L250TH |p 11707.c1 |r 0000-00-00 |w 2015-12-24 |y SH | ||